书目信息 |
| 题名: |
李清照词传
|
|
| 作者: | 孔祥秋 著 | |
| 分册: | ||
| 出版信息: | 西安 太白文艺出版社 2020.02 |
|
| 页数: | 244页 | |
| 开本: | 21cm | |
| 丛书名: | ||
| 单 册: | ||
| 中图分类: | K825.6=442 | |
| 科图分类: | ||
| 主题词: | 诗人--shi ren--传记--中国--南宋 | |
| 电子资源: | ||
| ISBN: | 978-7-5513-1736-8 | |
| 000 | 01107nam0 2200241 450 | |
| 001 | 2031324489 | |
| 005 | 20201106084212.63 | |
| 010 | @a978-7-5513-1736-8@dCNY39.80 | |
| 100 | @a20191213d2020 em y0chiy50 ea | |
| 101 | 0 | @achi |
| 102 | @aCN@b610000 | |
| 105 | @ay z 000yb | |
| 200 | 1 | @a李清照词传@Ali qing zhao ci zhuan@f孔祥秋著 |
| 210 | @a西安@c太白文艺出版社@d2020.02 | |
| 215 | @a244页@d21cm | |
| 314 | @a孔祥秋, 文学硕士, 山东省作家协会会员, 中国散文学会会员。 | |
| 330 | @a本书以李清照的词为每一篇的开始, 并结合李清照的经历进行个性化、情感化解读。从《浣溪沙》《庆清朝》我们看到了烂漫岁月里的羞涩少女 ; 从《一剪梅》《点绛唇》看到你侬我侬的爱情 ; 从《声声慢》《念奴娇》我们感受到了李清照的半阙悲愁。作者以丰富的历史知识和深刻的情感解读为重点, 用浪漫唯美的笔触直切人物内心, 展现出这位女词人的绮丽柔情、多舛命运、人世沉浮等, 是集词和人物于一体的独特传记。 | |
| 600 | 0 | @a李清照,@Ali qing zhao@f1084-约1151@x传记 |
| 606 | 0 | @a诗人@Ashi ren@x传记@y中国@z南宋 |
| 690 | @aK825.6=442@v5 | |
| 701 | 0 | @a孔祥秋@Akong xiang qiu@4著 |
| 801 | 0 | @aCN@b人天书店@c20201024 |
| 905 | @aZUCC@dK825.6@eK775 | |
| 李清照词传/孔祥秋著.-西安:太白文艺出版社,2020.02 |
| 244页;21cm |
| ISBN 978-7-5513-1736-8:CNY39.80 |
| 本书以李清照的词为每一篇的开始, 并结合李清照的经历进行个性化、情感化解读。从《浣溪沙》《庆清朝》我们看到了烂漫岁月里的羞涩少女 ; 从《一剪梅》《点绛唇》看到你侬我侬的爱情 ; 从《声声慢》《念奴娇》我们感受到了李清照的半阙悲愁。作者以丰富的历史知识和深刻的情感解读为重点, 用浪漫唯美的笔触直切人物内心, 展现出这位女词人的绮丽柔情、多舛命运、人世沉浮等, 是集词和人物于一体的独特传记。 |
| ● |
| 相关链接 |
|
|
|
正题名:李清照词传
索取号:K825.6/K775
 
预约/预借
| 序号 | 登录号 | 条形码 | 馆藏地/架位号 | 状态 | 备注 |
| 1 | 1481250 | 214812504 | 社科库309/309社科库 51排4列5层/ [索取号:K825.6/K775] | 在馆 | |
| 2 | 1481251 | 214812513 | 社科库309/309社科库 51排4列5层/ [索取号:K825.6/K775] | 在馆 |